000 00994nam a22002175i 4500
001 166456
003 ES-MaACL
005 20230906213335.0
008 961104s1887 sp |||| | spa d
040 _aCLM
_bspa
_cCLM
100 1 _aToro y Gómez, Miguel de.
_9110692
245 1 0 _aMemoria acerca de las escuelas de comercio, industria y agricultura en Francia y en Inglaterra /
_cpor Don Miguel de Toro y Gomez.
260 _aMadrid :
_b[s.n.],
_c1887 (
_fEstablecimiento tipográfico de Ulpiano Gómez y Pérez)
300 _a38 p. ;
_c20 cm.
530 _aDisponible en formato digital.
650 4 _aEnseñanza técnica-
_zFrancia.
_9156039
650 4 _aEnseñanza técnica-
_zInglaterra.
_9143624
852 _aES-MaACL
_jT-887-F-2
_z-- Enc. hol. conservando la cub. original
_z-- Enc. en un vol. facticio
852 _aES-MaACL
_jT-475-F-7
_z-- Enc. hol.
_z-- Enc. en un vol. facticio
856 _uhttp://bdh-rd.bne.es/viewer.vm?id=0000075336&page=1
_zBiblioteca Digital Hispánica
999 _c166456
_d166456